00738nam a22001577a 4500008004100000020001800041050002000059100003700079245007700116260003200193300001800225500012000243504003300363505014400396650004000540171013r2013 mx ||||| |||| 00| 0 spa d a978842067584804aH61bSA232 201310aSantana Leitner, Andréseautor13aFundamentos para la investigación socialc / Andrés Santana Leitner  aMéxicob: Alianzac, 2013 a215 páginas aIncluye índice de tablas (pp. 193-194) Incluye índice de ilustraciones (pp.195-196) Incluye glosario (197-201)  aBibliografía (pp. 203-215) aLa pregunta de investigación La revisión de la literatura Las hipótesis El diseño empírico Consejos finales Ejercicios Soluciones10aMETODOLOGÍA DE LA INVESTIGACIÓN